000 00676nam a2200205 a 4500
005 20140310183501.0
008 100301s19uu xx 00 eng d
020 _a1582555877
050 _aRT 120.I5
_b.C7434 2007
245 _aCritical care nursing /
260 _aPhiladelphia :
_bLippincott Williams & Wilkins,
_c2007.
300 _a568 p. :
_c18 cm.
440 _aLippincott manual of nursing practice pocket guides
521 _aNUR
650 _aIntensive care nursing
_xHandbooks, manuals, etc.
650 _aNursing care
_xMethods
_xHandbooks, manuals, etc.3. Critical care
_xHandbooks, manuals, etc.
942 _cBK
_2lcc
_kFOR
999 _c23899
_d23899